Latin Legal Terms - Statistics

General Stats
  • This quiz has been taken 994 times
  • The average score is 15 of 30
Answer Stats
Hint Answer % Correct
Vice Versa The Other Way Around
80%
De Facto By Fact
75%
Verbatim Word for Word
74%
Quid Pro Quo A Favor for a favor
73%
De Jure By Law
70%
De Minimis Too Little
67%
Pro Bono Voluntary Work
67%
Prima Facie At First Sight
65%
Casus Belli Justification for War
60%
Subpoena Under Penalty
58%
Caveat Emptor May the Buyer Beware
56%
Res Judicata A Matter Judged
54%
Alibi Elsewhere
54%
Ipso Facto Because of the Fact
49%
Sine Qua Non Without Which, Nothing
49%
Ex Aequo Et Bono According to the Right and Good
48%
A Priori From Earlier
46%
Ratio Decidendi Reason for the Decision
46%
Inter Alia Among Other Things
43%
Mens Rea Guilty State of Mind
43%
Non Sequitur Inconsistent Statement
43%
Pro Rata Proportionately
42%
Ultra Vires Beyond the Powers
39%
Bona Vacantia Ownerless Goods
35%
Obiter Dictum A Thing Said in Passing
34%
Res Ipsa Loquitur The Thing Speaks for Itself
34%
Mutatis Mutandis Once the Necessary Changes Have Been Made
31%
Ceteris Paribus All Other Things Being Equal
29%
Sui Generis Unique
26%
Animus Nocendi Intention to Harm
23%
No matching quizzes found
Score Distribution
Percent of People with Each Score
Percentile by Number Answered
Your Score History
You have not taken this quiz